Lesbian passion : loving ourselves and each other /

Uloženo v:
Podrobná bibliografie
Hlavní autoři: Loulan, JoAnn (Autor), Burton Nelson, Mariah (Autor)
Médium: Kniha
Jazyk:angličtina
Vydáno: San Francisco : Aunt Lute, Spinsters ; 1987
Tagy: Přidat tag
Žádné tagy, Buďte první, kdo vytvoří štítek k tomuto záznamu!

MARC

LEADER 00000nam a22000007i 4500
001 IT\ICCU\UBO\2218358
003 ItRI
005 20260115231829.0
008 030702s1987 xxu|||||| ||||| |||||c
020 |a 0933216297 
040 |b ita  |c importazione bologna sebina 
041 7 |a eng  |2 ISO-639-2 
100 1 |a Loulan, JoAnn  |0 IT\ICCU\UBOV\809028  |4 aut 
240 1 0 |a Lesbian passion  |3 IT\ICCU\RL1\0086567  |9 Loulan, JoAnn 
245 1 0 |a Lesbian passion :  |b loving ourselves and each other /  |c Joann Loulan with Mariah Burton Nelson. 
260 |a San Francisco :  |b Spinsters ;  |a Aunt Lute,  |c 1987 
300 |a 223 p. ;  |c 23 cm. 
700 1 |a Burton Nelson, Mariah  |0 IT\ICCU\UBOV\809030  |4 aut 
942 |2 ddc  |c BK  |n 0 
952 |0 0  |1 0  |4 0  |6 L_624_200000000000000_LOU  |7 0  |9 13733  |a BO  |b BO  |d 2026-01-15  |i 1351  |l 0  |o L 624.2 LOU  |p BO1351  |r 2026-01-15 23:18:29  |w 2026-01-15  |x [Sebina 5] [1 v.]  |y BK  |z 1 v. 
999 |c 11811  |d 11811